Statistics for Random French Words

Click here to take the quiz!

General Stats

  • This quiz has been taken 55 times
  • The average score is 11 of 15

Answer Stats

FrenchEnglish% Correct
FemmeWoman
96%
AllemagneGermany
88%
VieLife
88%
LivreBook
87%
PourFor
87%
FenêtreWindow
87%
CetteThis
77%
DernièreLast
73%
TroisièmeThird
73%
AllerTo go
69%
FêterTo party
65%
RegarderTo look
62%
MourirTo die
60%
ConduireTo Drive
44%
PolimentPolitely
13%

Score Distribution

Percentile by Number Answered

Percent of People with Each Score

Your Score History

You have not taken this quiz